000 00577nam a2200181 a 4500
001 000048024
005 20240304173856.0
008 181101s2016 dr a 000 0 spa d
020 _a9789945085181
040 _aDO-SdBNP
_bspa
_cBNPHU
082 _axxxx
_bG984T
100 1 _aGutiérrez, Franklin,
_d1951-
_9590
245 1 4 _aLas tumbas de los Trujillo /
_cFranklin Gutiérrez.
260 _aSanto Domingo :
_bBúho,
_c2016.
300 _a147 p. :
_bil. ;
_c23 cm.
500 _aIncluye datos biográficos del autor en la solapa de la cubierta
590 _aInventariado, 2018/LP
999 _c47512
_d47512